[Event "Mainz op"]
[Site "Mainz"]
[Date "1995.??.??"]
[Round "6"]
[White "Dobosz, Henryk"]
[Black "Hammes, Michael"]
[Result "1/2-1/2"]
[WhiteElo "2420"]
[BlackElo "2255"]

1.Nf3 d5 2.g3 Nf6 3.Bg2 e6 4.O-O Be7 5.c4 O-O 6.b3 b6 7.Bb2 Bb7 8.e3 dxc4
9.bxc4 c5 10.d3 Nc6 11.Qe2 Rc8 12.Nc3 Rc7 13.Rfd1 Rd7 14.Ne1 Qa8 15.f4 Rfd8
16.Rd2 Nb4 17.e4 Ne8 18.Rad1 a6 19.Nf3 Bf6 20.e5 Be7 21.f5 b5 22.fxe6 fxe6
23.a3 bxc4 24.dxc4 Rxd2 25.Rxd2 Rxd2 26.Nxd2 Bxg2 27.Qxg2 Qxg2+ 28.Kxg2 Nd3
29.Na4 Nc7 30.Kf3 Kf7 31.Ne4 Nxb2 32.Nxb2 Ke8 33.Na4 Kd7 34.Nb6+ Kc6 35.Nc8 Bf8
36.Ng5 h6 37.Nh7 Kb7 38.Nd6+ Bxd6 39.exd6 Na8 40.Nf8 Nb6 41.d7 Kc7 42.Nxe6+ Kxd7
43.Nxc5+ Kd6 44.Nb7+ Kc6 45.Na5+ Kc5 46.Ke4 Nxc4 47.Nxc4 Kxc4 48.Kf5 Kb3
49.Kg6 Kxa3 50.Kxg7 Kb4 51.Kxh6 a5 52.g4 a4 53.g5 a3 54.g6 a2 55.g7 a1=Q
56.g8=Q Qf6+ 57.Qg6 Qf4+  1/2-1/2

[Event "Mainz op"]
[Site "Mainz"]
[Date "1995.??.??"]
[Round "9"]
[White "Sher, Miron N"]
[Black "Teske, Henrik"]
[Result "1-0"]
[WhiteElo "2510"]
[BlackElo "2465"]

1.g3 d5 2.Nf3 Nf6 3.Bg2 e6 4.c4 Be7 5.O-O O-O 6.d4 Nbd7 7.b3 dxc4 8.bxc4 c5
9.e3 Nb6 10.Qb3 Qc7 11.Nbd2 Bd7 12.a4 Bc6 13.a5 Nbd7 14.Bb2 Rab8 15.Qc2 Rfd8
16.Rfc1 Rbc8 17.Nb3 h6 18.Qe2 Qb8 19.Nbd2 Ne4 20.Nb3 Nef6 21.Rd1 b5 22.axb6 axb6
23.Nfd2 Bxg2 24.Kxg2 Qb7+ 25.Qf3 Rb8 26.Qxb7 Rxb7 27.Kf3 Rc8 28.Rdc1 Kf8
29.Ke2 Ke8 30.Ra2 b5 31.cxb5 Rxb5 32.dxc5 Nxc5 33.Bd4 Kd7 34.Nxc5+ Bxc5 35.Rac2 Bxd4
36.Rxc8 Be5 37.Ra8 Rb7 38.Nc4 Bc7 39.Rd1+ Ke7 40.Rd2 Ne4 41.Rc2 h5 42.Rb2 Rxb2+
43.Nxb2 Kf6 44.Nc4 Nd6 45.Nxd6 Bxd6  1-0

[Event "CRO-chT"]
[Site "Makarska Tucepi"]
[Date "1995.??.??"]
[Round "?"]
[White "Vukovic, Zeljka"]
[Black "Zelic, Marina"]
[Result "0-1"]
[WhiteElo "2045"]
[BlackElo "2035"]

1.Nf3 d5 2.g3 Nf6 3.Bg2 e6 4.O-O c5 5.d3 Nc6 6.Nbd2 Be7 7.e4 O-O 8.c3 b6
9.e5 Nd7 10.d4 f6 11.Re1 fxe5 12.dxe5 Rf7 13.Nf1 Nf8 14.h4 Qc7 15.N1h2 Bb7
16.Bg5 Rd8 17.Bxe7 Rxe7 18.Qe2 d4 19.cxd4 Nxd4 20.Nxd4 Rxd4 21.Bxb7 Qxb7
22.f4 Red7 23.Nf3 Rd3 24.Kf2 Qd5 25.a3 Qb3 26.g4 Ng6 27.Kg3 Nxf4 28.Qe4 Rf7  0-1

[Event "CRO-chT"]
[Site "Makarska Tucepi"]
[Date "1995.??.??"]
[Round "?"]
[White "Vukovic, Zeljka"]
[Black "Paraminski, Albina"]
[Result "1/2-1/2"]
[WhiteElo "2045"]
[BlackElo "2170"]

1.Nf3 d5 2.g3 c6 3.Bg2 Bg4 4.d4 e6 5.Nbd2 f5 6.c4 Nf6 7.cxd5 cxd5 8.Ne5 Bd6
9.Ndf3 O-O 10.O-O Qb6 11.Rb1 Nc6 12.Bf4 Bxe5 13.Nxe5 Qxd4 14.Nxg4 Nxg4 15.Qb3 Qb6
16.Qxb6 axb6 17.a3 Rfc8 18.Rfd1 Na5 19.f3 Nf6 20.e4 Nc6 21.exf5 e5 22.Bg5 Rd8
23.Rd2 Rd7 24.Rbd1 Rad8 25.f4 exf4 26.Bxf6 gxf6 27.Rxd5 Rxd5 28.Rxd5 fxg3
29.Rxd8+ Nxd8 30.hxg3 Kf7 31.Kf2 Ke7 32.Ke3 Kd6 33.Kd4 Nc6+ 34.Bxc6 Kxc6  1/2-1/2

[Event "CRO-chT"]
[Site "Makarska Tucepi"]
[Date "1995.??.??"]
[Round "?"]
[White "Vukovic, Zeljka"]
[Black "Belamaric, Tanja"]
[Result "0-1"]
[WhiteElo "2045"]
[BlackElo "2180"]

1.Nf3 d5 2.g3 e6 3.Bg2 c5 4.d3 Nc6 5.Nbd2 Nge7 6.e4 g6 7.O-O Bg7 8.Re1 O-O
9.Rb1 b6 10.a3 a5 11.h4 Ra7 12.Nh2 h6 13.Ndf1 dxe4 14.Bxe4 e5 15.Bg2 Be6
16.h5 g5 17.g4 Rd7 18.c3 Rxd3 19.Qa4 Bd5 20.Bxd5 Qxd5 21.Ne3 Qd7 22.Nhf1 Nb8
23.Qb3 b5 24.Ng3 c4 25.Qc2 a4 26.Nef5 Nxf5 27.Nxf5 Nc6 28.Qe2 f6 29.Be3 Qd5
30.Rf1 Re8 31.Rfe1 Ne7 32.Nxe7+ Rxe7 33.Kh2 Rd7 34.Kg3 Bf8 35.Qf3 Qxf3+ 36.Kxf3 Kf7
37.Ke2 Ke6 38.Kf1 R7d5 39.Kg2 Bc5 40.Bxc5 Rxc5 41.Re2 Rcd5 42.Rbe1 Rd2 43.Kg3 R5d3+
44.f3 Rxe2 45.Rxe2 f5 46.gxf5+ Kxf5 47.Kf2 Rd1 48.Kg2 g4 49.fxg4+ Kxg4 50.Rxe5 Rd2+
51.Kf1 Rxb2 52.Ke1 Kf4 53.Re6 Rh2 54.Rxh6 Ke3 55.Re6+ Kd3 56.Re5 Kxc3 57.Rxb5 Kd3
58.Rd5+ Kc2 59.Rb5 c3 60.Rb4 Kd3 61.Rb8 Rh1+ 62.Kf2 c2  0-1

[Event "CRO-chT"]
[Site "Makarska Tucepi"]
[Date "1995.??.??"]
[Round "?"]
[White "Dizdarevic, Emir"]
[Black "Tukmakov, Vladimir B"]
[Result "1/2-1/2"]
[WhiteElo "2500"]
[BlackElo "2600"]

1.Nf3 d5 2.g3 c6 3.Bg2 Bg4 4.O-O Nd7 5.d4 e6 6.Nbd2 f5 7.c4 Nh6 8.Qb3 Qb6
9.Ng5 Qxb3 10.axb3 Ke7 11.f3 Bh5 12.e4 Nf7 13.Nh3 Nd8 14.Re1 Kf6 15.Nf4 Bf7
16.Nd3 g5 17.b4 Kg6 18.b3 Bg7 19.Bb2 Kh6 20.cxd5 cxd5 21.exd5 exd5 22.Re7 Nb6
23.Ne5 Rf8 24.Rc1 Bf6 25.Rec7 Be8 26.Bf1 Rb8  1/2-1/2

[Event "CRO-chT"]
[Site "Makarska Tucepi"]
[Date "1995.??.??"]
[Round "?"]
[White "Sale, Srdjan"]
[Black "Keglevic, Pavao"]
[Result "1/2-1/2"]
[WhiteElo "2445"]
[BlackElo "2290"]

1.Nf3 d5 2.g3 g6 3.Bg2 Bg7 4.O-O e5 5.d3 Ne7 6.c4 c6 7.cxd5 cxd5 8.Nc3 Nbc6
9.Bg5 f6 10.Bd2 Be6 11.a3 Qd7 12.b4 b6 13.Qa4 O-O 14.Rfc1 Rfc8 15.b5 Na5
16.Rab1 Nb7 17.Qd1 d4  1/2-1/2

[Event "CRO-chT"]
[Site "Makarska Tucepi"]
[Date "1995.??.??"]
[Round "?"]
[White "Petrovic, Zvonko"]
[Black "Rosandic, Denis"]
[Result "1-0"]
[WhiteElo "2285"]
[BlackElo "2305"]

1.Nf3 d5 2.g3 c6 3.Bg2 Bg4 4.b3 e6 5.Bb2 Nd7 6.d3 Ngf6 7.Nbd2 Bd6 8.h3 Bh5
9.e4 e5 10.O-O O-O 11.g4 Bg6 12.Nh4 dxe4 13.dxe4 Bc5 14.Nf5 Re8 15.a3 a5
16.Nc4 Qc7 17.Bc3 Bf8 18.Qd2 a4 19.b4 Nb6 20.Nce3 Rad8 21.Qe2 Nc8 22.Rfd1 Na7
23.Bb2 Nb5 24.c3 Qb8 25.Rxd8 Rxd8 26.Rd1 Nc7 27.c4 Rxd1+ 28.Qxd1 Ne6 29.Qxa4 Nf4
30.Qc2 h5 31.Bf1 Nh7 32.Nh4 Ng5 33.Nxg6 Nxg6 34.Bg2 Nf4 35.h4 Nxg2 36.Kxg2 Ne6
37.f3 Nf4+ 38.Kg3 hxg4 39.fxg4 f6 40.c5 Qd8 41.Qd1 Qe8 42.Qb3+ Kh7 43.h5 g6
44.hxg6+ Qxg6 45.Nf5 Kh8 46.Qc2 Ne6 47.Bc1 Ng5 48.Qd3 Nf7 49.Be3 Nh6 50.Bxh6 Bxh6
51.Qd8+ Kh7 52.Qc7+ Kh8 53.Qb8+ Kh7 54.Qxb7+ Kh8 55.Qxc6 Qg5 56.Qc8+ Kh7
57.Qd7+ Kh8 58.Qd3 Qf4+ 59.Kh3  1-0

[Event "Marostica op"]
[Site "Marostica"]
[Date "1995.??.??"]
[Round "7"]
[White "Di Lazzaro, Gabriele"]
[Black "Caruso, Augusto"]
[Result "0-1"]
[WhiteElo "1940"]
[BlackElo "2155"]

1.Nf3 d5 2.g3 Nc6 3.d4 Bf5 4.Bg2 e6 5.O-O Be7 6.c3 g5 7.Nbd2 h5 8.Ne5 Nxe5
9.dxe5 c6 10.e4 Bg6 11.exd5 exd5 12.Qb3 Qc7 13.Nf3 g4 14.Nd4 O-O-O 15.Bf4 Nh6
16.a4 Nf5 17.a5 a6 18.Qa2 h4 19.b4 hxg3 20.fxg3 Nxd4 21.cxd4 Bxb4 22.Qe2 Qd7
23.Qb2 Be7 24.Qb6 Qc7 25.Qa7 Rh7 26.Rfc1 Rdh8 27.Bxd5 Rxh2 28.Ra4 Kd8 29.Rac4 Qd7
30.e6 fxe6 31.Qb8+ Qc8 32.Bxe6 Qxb8 33.Bxb8 Be4 34.Bxg4 Rg2+ 35.Kf1 Rh1+  0-1

[Event "Capablanca mem (Women)"]
[Site "Matanzas"]
[Date "1995.??.??"]
[Round "?"]
[White "Ramon, Vivian"]
[Black "Fandino, Roquelina"]
[Result "1-0"]
[WhiteElo "2210"]
[BlackElo "2155"]

1.Nf3 d5 2.g3 Nf6 3.Bg2 c6 4.O-O Nbd7 5.d4 e6 6.Nbd2 Be7 7.b3 O-O 8.Bb2 Qa5
9.Ne5 Ba3 10.Nec4 dxc4 11.Nxc4 Qa6 12.Bxa3 Re8 13.Bb2 Nf8 14.e4 b5 15.Nd6 Rd8
16.e5 Ne8 17.Ne4 Bb7 18.Qg4 Qb6 19.h4 a5 20.c3 Rac8 21.Rad1 Ba8 22.Bc1 Kh8
23.Be3 Qb8 24.h5 Rd7 25.h6 g6 26.Qh4 Rb7 27.Nd6 f5 28.Nxb7 Qxb7 29.c4 b4
30.Rd2 Qf7 31.Rfd1 Nc7 32.Bg5 Kg8 33.Bd8 Qd7 34.Be7 Re8 35.Bd6 Rc8 36.Bxc7 Qxc7
37.Qf6 Re8 38.c5 Qf7 39.Qg5 Qe7 40.f4 Qf7 41.Qh4 Qe7 42.Qxe7 Rxe7 43.a3 Kf7
44.axb4 axb4 45.Ra1 Bb7 46.Ra4 g5 47.fxg5 Kg6 48.Rxb4 Kh5 49.Ra2 Ng6 50.Ra7 Bc8
51.Rxe7 Nxe7 52.Rb6  1-0

[Event "Capablanca mem-B"]
[Site "Matanzas"]
[Date "1995.??.??"]
[Round "1"]
[White "Alvarez, Jose"]
[Black "Alvarez Ibarra, D Rafael"]
[Result "1/2-1/2"]
[WhiteElo "2345"]
[BlackElo "2440"]

1.Nf3 d5 2.g3 c6 3.b3 Bg4 4.Bg2 Nd7 5.Bb2 e6 6.O-O Ngf6 7.d3 Bc5 8.Nbd2 Qe7
9.a3 O-O 10.h3 Bxf3 11.Nxf3 e5 12.b4 Bb6 13.c4 Rfe8 14.e3  1/2-1/2

[Event "Capablanca mem-C"]
[Site "Matanzas"]
[Date "1995.??.??"]
[Round "11"]
[White "Fuentes, Manuel"]
[Black "Gonzales, Renieo"]
[Result "1/2-1/2"]
[WhiteElo "2375"]
[BlackElo "2290"]

1.Nf3 d5 2.g3 Nf6 3.Bg2 Bf5 4.O-O Nbd7 5.d3 e6 6.Nbd2 Be7 7.b3 O-O 8.c4 h6
9.Bb2 c6 10.Rc1 a5 11.a3 Re8 12.Rc2 Bf8 13.Qa1 Bh7 14.Ne5 Nxe5 15.Bxe5 Nd7
16.Bb2 Qe7 17.Rfc1 f6 18.Nf1 Qf7 19.Ne3 Bd6 20.Bc3 h5 21.Qb2 h4 22.b4 hxg3
23.hxg3 axb4 24.axb4 f5 25.cxd5 exd5 26.Nf1 Ne5 27.Bxe5 Bxe5 28.d4 Bd6 29.f4 Ra4
30.b5 Rb4 31.Qa3 cxb5 32.Rc8 Bg6 33.Rxe8+ Qxe8 34.Bxd5+ Bf7 35.Bxf7+ Kxf7
36.Qf3 Qe4 37.Qh5+ Kf6 38.Qg5+ Kf7 39.Qh5+  1/2-1/2

[Event "Melbourne Masters"]
[Site "Melbourne"]
[Date "1995.??.??"]
[Round "1"]
[White "Johansen, Darryl K"]
[Black "West, Guy"]
[Result "1/2-1/2"]
[WhiteElo "2510"]
[BlackElo "2400"]

1.Nf3 d5 2.g3 Nf6 3.Bg2 e6 4.O-O Be7 5.d3 O-O 6.Nbd2 c5 7.e4 Nc6 8.Re1 Qc7
9.Qe2 Rd8 10.c3 b6 11.e5 Nd7 12.Nf1 a5 13.h4 b5 14.Bf4 c4 15.d4 b4 16.Ne3 Nb6
17.h5 a4 18.a3 bxc3 19.bxc3 Ra5 20.h6 g6 21.Reb1 Na7 22.Nc2 Rb5 23.Nb4 Bd7
24.Bg5 Bxg5 25.Nxg5 Be8 26.Qd2 Qe7 27.Bh3 Na8 28.Nf3 Nc7 29.Nh2 Rdb8 30.Ng4 Nc6
31.Nf6+ Kh8 32.Qg5 R5b7 33.Bg4 Nxb4 34.Rxb4 Rxb4 35.axb4 Ra8 36.Qf4 Bc6 37.Bd1 a3
38.Ra2 Nb5 39.Qe3 Ra7 40.Kf1 Nc7 41.Ke1 Nb5 42.Kd2 Ra8 43.g4 Qf8 44.Bc2 Ra7
45.Qh3 Nc7 46.Qh4 Qd8 47.Qg5 Ra8 48.Qf4 Qe7 49.Ke2 Ba4 50.Bxa4 Rxa4 51.Qe3 Nb5
52.f4 Ra6 53.Kd2 Ra8 54.f5 Rb8 55.Kc1 Rd8 56.Kd2 Rb8 57.Ra1 Ra8 58.Ra2 Rb8  1/2-1/2

[Event "Fide Mercenarios 5th"]
[Site "MEX"]
[Date "1995.??.??"]
[Round "2"]
[White "Vaca Kram, Luis"]
[Black "Rosas, R."]
[Result "1/2-1/2"]
[WhiteElo "2015"]
[BlackElo "2000"]

1.Nf3 d5 2.g3 c5 3.Bg2 Nc6 4.O-O Nf6 5.d3 e6 6.Nbd2 Be7 7.e4 Qc7 8.Re1 d4
9.a4 e5 10.Nc4 Bg4 11.h3 Bxf3 12.Qxf3 O-O 13.Qe2 Nd7 14.f4 Bf6 15.Rf1 Na5
16.Nd2 a6 17.f5 Rac8 18.b3 b5 19.axb5 axb5 20.Nf3 c4 21.bxc4 bxc4 22.Ba3 Rfe8
23.g4 cxd3 24.cxd3 Qc2 25.Qxc2 Rxc2 26.g5 Bd8 27.Rfc1 Rxc1+ 28.Rxc1 f6 29.h4 Kf7
30.Bh3 Be7 31.g6+ Kf8 32.gxh7 Kf7 33.Bg4 Bxa3 34.Bh5+ g6 35.Bxg6+ Kg7 36.Bxe8 Bxc1
37.Bxd7 Kxh7 38.Be6 Nc6 39.Kf1 Nb4 40.Bc4 Nc2 41.Ke2 Ne3 42.Bb5  1/2-1/2

[Event "Fide Mercenarios 5th"]
[Site "MEX"]
[Date "1995.??.??"]
[Round "4"]
[White "Vaca Kram, Luis"]
[Black "Franco, David"]
[Result "1-0"]
[WhiteElo "2015"]
[BlackElo "2000"]

1.Nf3 d5 2.g3 Nf6 3.Bg2 Nbd7 4.O-O e5 5.d3 h6 6.Nbd2 Bd6 7.e4 c6 8.Qe1 O-O
9.Nh4 Re8 10.Kh1 b6 11.Nf5 Bf8 12.c4 Nc5 13.Qe2 Bxf5 14.exf5 e4 15.dxe4 Ncxe4
16.Nxe4 Nxe4 17.Qc2 Qf6 18.f3 Nd6 19.cxd5 cxd5 20.g4 Rac8 21.Qd3 d4 22.Bd2 Nc4
23.b3 Nb2 24.Qb5 Rc2 25.Qxe8 Rxd2 26.Rac1 Nd3 27.Rc6 Qe7 28.Rc8 Qd6 29.f4 Nf2+
30.Kg1 Nxg4 31.Bd5 Nf6 32.Qxf7+ Kh7 33.Rxf8 Qxf8 34.Qxf8 Nxd5 35.Qf7 Ne3
36.Qg6+ Kg8 37.Rc1 Rg2+ 38.Qxg2 Nxg2 39.Kxg2 Kf7 40.Rd1  1-0

[Event "Fide Mercenarios 3th"]
[Site "MEX"]
[Date "1995.??.??"]
[Round "10"]
[White "Ten Kate, Adrian"]
[Black "Zarate Manjarrez, Alfredo"]
[Result "1-0"]
[WhiteElo "2000"]
[BlackElo "2145"]

1.Nf3 d5 2.g3 Nf6 3.Bg2 g6 4.O-O Bg7 5.d4 O-O 6.Nbd2 c6 7.b3 Bf5 8.e3 a5
9.c4 Ne4 10.Bb2 a4 11.Nxe4 Bxe4 12.Qd2 Nd7 13.c5 Qc7 14.Qb4 Rfb8 15.Rfc1 b6
16.cxb6 Rxb6 17.Qxe7 Bf6 18.Qa3 Qb8 19.b4 Be7 20.Bc3 Qf8 21.Nd2 Bxg2 22.Kxg2 Rb5
23.Rab1 Nb6 24.Qb2 a3 25.Qb3 c5 26.dxc5 Bxc5 27.Bg7 Kxg7 28.Rxc5 Qe8 29.Qc3+ Kg8
30.Qd3 Nc4 31.Nxc4 dxc4 32.Qxc4 Rxc5 33.bxc5 Qc6+ 34.Kg1 Rd8 35.Qc3 Qa4 36.Qb3 Qe4
37.Rd1 Ra8 38.Qd5 Qa4 39.c6 Rc8 40.Rc1 Qa7 41.c7 Qa6 42.Rb1 Kg7 43.Qe5+ Kh6
44.Rb4  1-0

[Event "Minsk"]
[Site "Minsk"]
[Date "1995.??.??"]
[Round "3"]
[White "Mochalov, Evgeny V"]
[Black "Ivanov, Sergey"]
[Result "1/2-1/2"]
[WhiteElo "2455"]
[BlackElo "2535"]

1.Nf3 d5 2.g3 g6 3.c4 d4 4.e3 Nc6 5.Bg2 Bg7 6.O-O Nf6 7.d3 O-O 8.exd4 Nxd4
9.Nxd4 Qxd4 10.Nc3 Bg4 11.Be3 Qd7 12.Qd2 c6 13.d4 Rfd8 14.f3 Bh3 15.Rad1 Bxg2
16.Kxg2 b5 17.b3 bxc4 18.bxc4 Qe6 19.Qd3 Nd7 20.d5 cxd5 21.cxd5 Qe5 22.Bd4 Qxd4
23.Qxd4 Bxd4 24.Rxd4 Nb6 25.Rfd1 Rac8 26.R1d3 Rc5 27.Kf2 Rdc8 28.Ne4 Rc2+
29.Rd2 Rxd2+ 30.Rxd2 f5 31.Ng5 Rd8 32.Ne6 Rxd5 33.Rxd5 Nxd5 34.Nd8 Kg7 35.a3 Kf6
36.Ke2 e5 37.Kd3 Nb6 38.Nc6 a6 39.Nb4 a5 40.Nc6 a4 41.f4 e4+ 42.Kd4 g5 43.Nb4 gxf4
44.gxf4 Ke6 45.Kc5 Nd7+ 46.Kb5 Nf6 47.Nc2 Kd5 48.Ne3+ Kd4 49.Nxf5+ Kd3 50.Kxa4 Nd5
51.Kb5 Ne7 52.Nh4 e3 53.Ng2 e2 54.f5 Nxf5 55.Nf4+ Kd2 56.Nxe2 Kxe2 57.a4 Nd6+
58.Kc5 Nc8 59.a5 h5 60.a6 Kd3 61.Kc6 Kc4 62.Kd7 Na7 63.Ke6 Kb5  1/2-1/2

[Event "Mitropa Cup"]
[Site "?"]
[Date "1995.??.??"]
[Round "3"]
[White "Belotti, Bruno"]
[Black "Stajcic, Nikola"]
[Result "1/2-1/2"]
[WhiteElo "2405"]
[BlackElo "2350"]

1.Nf3 d5 2.g3 c6 3.Bg2 Bg4 4.b3 Nd7 5.Bb2 Ngf6 6.O-O e6 7.d3 Be7 8.Nbd2 O-O
9.e4 dxe4 10.dxe4 h6 11.Qe2 a5 12.a3 Qc7 13.h3 Bh5 14.e5 Nd5 15.c4 N5b6 16.Qe3 Bxf3
17.Nxf3 a4 18.Bd4 axb3 19.Qxb3 Nc5 20.Qc2 Ra4 21.Nd2 Rd8 22.Qc3 Qd7 23.Be3 Qd3
24.Rfc1 Nbd7 25.f4 Qxc3 26.Rxc3 f6 27.Nf3 Ne4 28.Rd3 Ndc5 29.Rxd8+ Bxd8 30.Bf1 Be7
31.g4 Ng3 32.exf6 gxf6 33.Nd2 Kf7 34.Bg2 Ne2+ 35.Kf1 Nc3 36.Bd4 Nd5 37.Bxc5 Bxc5
38.cxd5 Rxf4+ 39.Nf3 exd5 40.a4 f5 41.gxf5 Rxf5 42.Rb1 b6 43.Rc1 Ke7 44.a5 Kd6
45.axb6 Bxb6 46.Rb1 Kc7 47.Re1 Kd7  1/2-1/2

[Event "Mitropa Cup"]
[Site "?"]
[Date "1995.??.??"]
[Round "3"]
[White "Hoffmann, Michael"]
[Black "Ekstroem, Roland"]
[Result "1/2-1/2"]
[WhiteElo "2475"]
[BlackElo "2430"]

1.g3 d5 2.Nf3 Nf6 3.Bg2 c5 4.O-O e6 5.d4 Nbd7 6.c4 dxc4 7.Na3 Be7 8.dxc5 O-O
9.Nxc4 Nxc5 10.Nfe5 Nd5 11.a3 f6 12.Nd3 b5 13.Ne3 Bb7 14.Nxc5 Bxc5 15.Nxd5 Bxd5
16.Bxd5 Qxd5 17.Qxd5 exd5 18.Rd1 Rfd8 19.Bd2 Bb6 20.a4 bxa4 21.Rxa4 Rac8
22.Ba5 Rc2 23.Bxb6 axb6 24.Rb4 Rxe2  1/2-1/2

[Event "Mitropa Cup"]
[Site "?"]
[Date "1995.??.??"]
[Round "6"]
[White "Baumgartner, Heinz"]
[Black "Van der Werf, Mark"]
[Result "1/2-1/2"]
[WhiteElo "2295"]
[BlackElo "2415"]

1.Nf3 d5 2.g3 c6 3.Bg2 Bg4 4.d3 Nd7 5.O-O e6 6.b3 Ngf6 7.Nbd2 Bc5 8.Bb2 O-O
9.c4 a5 10.a3 Re8 11.Qc2 e5 12.h3 Bh5 13.e4 dxe4 14.dxe4 Qb6 15.Bc3 Bg6 16.Nh4 Nh5
17.Qd3 Rad8 18.Qf3 Ndf6 19.Nxg6 hxg6 20.Kh2 Rd6 21.Qe2 Bd4 22.Rac1 Bxc3 23.Rxc3 Qc5
24.Nb1 Red8 25.Bf3 Rd4 26.Kg2 Ne8 27.Re3 Nhf6 28.Qb2 b6 29.Rc1 Qe7 30.Qc2 Nc7
31.Rd1 Ne6 32.Ree1 Ng5 33.Rxd4 Rxd4 34.a4 Qd7 35.g4 Qd6 36.Rd1 Nd7 37.Rd2 Nc5
38.Rxd4 exd4 39.Nd2 Qf4 40.Qd1 Nxf3 41.Nxf3 d3 42.e5 Qe4 43.Qd2 Qe2 44.Qg5 Ne6
45.Qe3 g5 46.Kg3 g6 47.Nd2 Nc5 48.Kg2 Qxe3 49.fxe3 Kf8 50.Kf3 Ke7 51.e4 Ke6
52.Ke3 Kxe5 53.Nf3+ Ke6 54.Nxg5+ Kf6 55.h4 Nxb3 56.Kxd3 Nc5+ 57.Kd4 Nb3+
58.Kc3 Nc5 59.Kd4 Nb3+  1/2-1/2

[Event "Mlada Boleslav op"]
[Site "?"]
[Date "1995.??.??"]
[Round "?"]
[White "Freisler, Pavel"]
[Black "Trichkov, Vasil"]
[Result "1-0"]
[WhiteElo "2345"]
[BlackElo "2420"]

1.Nf3 d5 2.g3 Nf6 3.Bg2 c6 4.O-O Bf5 5.b3 Nbd7 6.Bb2 h6 7.d3 e6 8.Nbd2 Bc5
9.e4 dxe4 10.dxe4 Bh7 11.Qe2 O-O 12.e5 Nd5 13.Ne4 Bxe4 14.Qxe4 Qb6 15.Ne1 a5
16.Nd3 Be7 17.Qg4 Nb4 18.Nf4 Rfd8 19.Nxe6 fxe6 20.Qxe6+ Kf8 21.Be4 Nc5 22.Qf5+ Ke8
23.Rad1 Rxd1 24.Rxd1 Nxe4 25.Qxe4 Rd8 26.Qg6+ Kf8 27.e6 Rxd1+ 28.Kg2  1-0

[Event "USA-ch"]
[Site "Modesto"]
[Date "1995.??.??"]
[Round "10"]
[White "Benjamin, Joel"]
[Black "Wolff, Patrick G"]
[Result "1/2-1/2"]
[WhiteElo "2575"]
[BlackElo "2565"]

1.Nf3 d5 2.g3 c6 3.Bg2 Bg4 4.c4 e6 5.Qb3 Qb6 6.d4 Nd7 7.Nc3 Ngf6 8.O-O Be7
9.Bf4 O-O 10.Rfe1 Bf5 11.c5 Qxb3 12.axb3 h6 13.b4 a6 14.Na2 a5 15.Bc7 axb4
16.Nxb4 Rfc8 17.Bf4 Ne4 18.Nd3 g5 19.Be3 Bf6 20.Rec1 Kg7 21.Nfe1 Bd8 22.f3 Nef6
23.Bf2 Bg6 24.g4 Ne8  1/2-1/2

[Event "USA-ch"]
[Site "Modesto"]
[Date "1995.??.??"]
[Round "12"]
[White "Benjamin, Joel"]
[Black "Gurevich, Dmitry"]
[Result "0-1"]
[WhiteElo "2575"]
[BlackElo "2525"]

1.g3 d5 2.Nf3 Bg4 3.Bg2 Nd7 4.O-O e6 5.b3 Bd6 6.Bb2 Ne7 7.d3 c6 8.e4 O-O
9.Qd2 e5 10.h3 Bh5 11.Nc3 d4 12.Ne2 f6 13.Nh4 a5 14.f4 Bb4 15.Qd1 g5 16.fxg5 fxg5
17.Nf5 Nxf5 18.exf5 g4 19.h4 Nf6 20.a3 Bc5 21.Qd2 Bf7 22.Kh2 Bd5 23.Qg5+ Kf7
24.Bxd5+ Qxd5 25.Rae1 Rg8 26.Qh6 Bf8 27.Qd2 c5 28.c4 Qd6 29.Bc1 b6 30.Ng1 Re8
31.Qg2 h6 32.Rf2 Bg7 33.Rfe2 Re7 34.Bd2 Rge8 35.b4 axb4 36.axb4 Qd7 37.Rf1 e4
38.dxe4 d3 39.Ree1 Rxe4 40.bxc5 bxc5 41.Rb1 R8e7 42.Bc3 Rxc4 43.Qb2 Rce4
44.Rf2 Qd5 45.Ra1 Qd6 46.Ra8 c4 47.Rg2 Re3 48.Qb5 Qd5 49.Qa6 Re8 50.Ra7+ R3e7
51.Rb2 Rxa7 52.Qxa7+ Re7 53.Qa6 Qxf5 54.Qxc4+ Qd5 55.Qf4 Qe4 56.Qf1 Kg6 57.Rb6 Qf5
58.Qg2 Re6 59.Rb7 Bf8 60.Rb8 Bd6 61.Rb2 Nh5 62.Qa8 Nxg3 63.Qg8+ Kh5 64.Rb5 Ne2+  0-1

[Event "Montecatini Terme op"]
[Site "Montecatini Terme"]
[Date "1995.??.??"]
[Round "?"]
[White "Dizdarevic, Emir"]
[Black "Drazic, Sinisa"]
[Result "0-1"]
[WhiteElo "2500"]
[BlackElo "2405"]

1.Nf3 d5 2.g3 g6 3.Bg2 Bg7 4.d4 Nc6 5.c3 Bg4 6.Nbd2 Qd7 7.h3 Bxf3 8.Nxf3 e6
9.e4 dxe4 10.Ng5 f5 11.Qb3 Nd8 12.h4 Nf6 13.f3 h6 14.Nh3 exf3 15.Bxf3 O-O
16.Nf4 Kh7 17.Bd2 a5 18.O-O-O a4 19.Qc2 Nd5 20.Bxd5 exd5 21.h5 g5 22.Ng6 Re8
23.g4 Nf7 24.Rhf1 Nd6 25.gxf5 Bf6 26.Rde1 Kg7 27.Ne5 Qb5 28.Rf3 Re7 29.Be3 Qe8
30.Qh2 Ne4 31.Ng6 Rd7 32.a3 Rd6 33.Bf2 b5 34.Bg3 Rc6 35.Ne5 b4 36.axb4 a3
37.bxa3 Rxa3 38.Nxc6 Qxc6 39.Qb2 Qa4 40.Kb1 Rb3 41.Bxc7 Nd2+  0-1

[Event "Montecatini Terme op"]
[Site "Montecatini Terme"]
[Date "1995.??.??"]
[Round "?"]
[White "Dizdarevic, Emir"]
[Black "Collareta, Giovanni"]
[Result "1/2-1/2"]
[WhiteElo "2500"]
[BlackElo "2260"]

1.Nf3 d5 2.g3 Nf6 3.Bg2 c6 4.O-O Bf5 5.d3 e6 6.Nfd2 Be7 7.e4 Bg6 8.Nc3 O-O
9.f4 h6 10.g4 Nbd7 11.Kh1 d4 12.Ncb1 b5 13.Nb3 Qb6 14.a4 a6 15.c3 c5 16.cxd4 c4
17.f5 cxb3 18.fxg6 Qxd4 19.gxf7+ Rxf7 20.axb5 Ne5 21.h3 Nxd3 22.Qe2 Nxe4
23.Qe3 Rxf1+ 24.Bxf1 Ndf2+ 25.Kg1 Qd5 26.Nc3 Nxc3 27.Qxf2 Nd1 28.Qg2 Qc5+
29.Kh2 Qe5+ 30.Qg3 Qd4 31.Bf4 Rf8 32.Be5 Qd2+ 33.Bg2 Ne3 34.Kh1 axb5 35.Be4 Nc4
36.Bc3 Qe2 37.Bg2 Bd6 38.Qe1 Qxe1+ 39.Rxe1 Kf7 40.Bc6 Rc8  1/2-1/2

[Event "Moscow3"]
[Site "Moscow"]
[Date "1995.??.??"]
[Round "?"]
[White "Rustemov, Alexander"]
[Black "Guliev, Sarhan"]
[Result "0-1"]
[WhiteElo "2450"]
[BlackElo "2470"]

1.Nf3 d5 2.g3 Nf6 3.Bg2 c6 4.O-O Bf5 5.d3 e6 6.Nbd2 h6 7.b3 Bc5 8.Bb2 O-O
9.Qe1 a5 10.e4 Bh7 11.a3 Nbd7 12.Qe2 Qe7 13.e5 Ne8 14.Kh1 Nc7 15.a4 Na6 16.Nd4 Nb4
17.Rac1 Na2 18.Rce1 Bb4 19.f4 Bc3 20.Bxc3 Nxc3 21.Qf2 c5 22.Ne2 Na2 23.Qe3 Nb4
24.Rc1 b5 25.axb5 a4 26.bxa4 Rxa4 27.c3 Nxd3 28.Rb1 Ra2 29.g4 Rb8 30.Rb3 Qh4
31.h3 Ne1 32.Ng3 Nxg2 33.Kxg2 Bc2 34.Rfb1 Bxb3 35.Rxb3 Nb6 36.Ne2 Qe1  0-1

[Event "Moscow7"]
[Site "Moscow"]
[Date "1995.??.??"]
[Round "?"]
[White "Aronian, Levon"]
[Black "Ivanov, V."]
[Result "1/2-1/2"]
[WhiteElo "2330"]
[BlackElo "2445"]

1.Nf3 d5 2.g3 Bg4 3.Bg2 Nd7 4.O-O e6 5.d3 Bd6 6.Nbd2 Ne7 7.c4 c6 8.b3 O-O
9.Bb2 a5 10.a3 Qb8  1/2-1/2

[Event "Moscow5"]
[Site "Moscow"]
[Date "1995.??.??"]
[Round "2"]
[White "Ivanov, Mikhail M"]
[Black "Kharitonov, Andrei Y"]
[Result "1-0"]
[WhiteElo "2445"]
[BlackElo "2550"]

1.Nf3 d5 2.g3 Bg4 3.Bg2 Nd7 4.O-O Ngf6 5.d3 c6 6.Nbd2 e5 7.e4 Bd6 8.h3 Bh5
9.exd5 cxd5 10.c4 O-O 11.cxd5 Nxd5 12.Qb3 N5b6 13.Ne4 Be7 14.a4 Rb8 15.a5 Nc8
16.d4 Bxf3 17.Bxf3 Nd6 18.Rd1 Qc7 19.Nc3 Rfe8 20.Nd5 Qd8 21.dxe5 Nxe5 22.Bg2 Bf8
23.Be3 a6 24.Bb6 Qd7 25.Bc7 Rbc8 26.Bxd6  1-0

[Event "Moscow op2"]
[Site "Moscow"]
[Date "1995.??.??"]
[Round "2"]
[White "Krasnov, Sergey"]
[Black "Burmakin, Vladimir"]
[Result "0-1"]
[WhiteElo "2345"]
[BlackElo "2500"]

1.Nf3 d5 2.g3 Nf6 3.Bg2 Nbd7 4.O-O e5 5.d3 Bd6 6.Nbd2 O-O 7.e4 c6 8.b3 Re8
9.Bb2 Nf8 10.Nh4 Bc7 11.h3 Be6 12.Qe2 Qd7 13.Kh2 h6 14.Rfd1 N6h7 15.Re1 d4
16.Qf1 Bd8 17.Nhf3 f6 18.Ng1 Bf7 19.Qe2 Kh8 20.Rf1 c5  0-1

[Event "Moscow-ch op"]
[Site "Moscow"]
[Date "1995.??.??"]
[Round "3"]
[White "Yuferov, Sergey  N"]
[Black "Zakharov, Valentin M"]
[Result "1-0"]
[WhiteElo "2465"]
[BlackElo "2345"]

1.Nf3 d5 2.g3 c5 3.Bg2 Nc6 4.O-O Nf6 5.d3 e6 6.Nbd2 Be7 7.e4 O-O 8.Re1 Qc7
9.e5 Nd7 10.Qe2 b5 11.Nf1 a5 12.Bf4 a4 13.a3 b4 14.h4 bxa3 15.bxa3 Ba6 16.h5 Rfb8
17.h6 g6 18.Ne3 Nd4 19.Nxd4 cxd4 20.Nxd5 Qc5 21.Nxe7+ Qxe7 22.Bxa8 Rxa8 23.Qe4 Rd8
24.Qxd4  1-0

[Event "Moscow op"]
[Site "Moscow"]
[Date "1995.??.??"]
[Round "3"]
[White "Yuferov, Sergey  N"]
[Black "Lastin, Alexander"]
[Result "0-1"]
[WhiteElo "2475"]
[BlackElo "2405"]

1.Nf3 d5 2.g3 g6 3.Bg2 Bg7 4.O-O e5 5.c4 dxc4 6.Na3 Nc6 7.Nxc4 e4 8.Ne1 Be6
9.Qa4 Nf6 10.d3 O-O 11.Be3 Nd4 12.Na5 Nxe2+ 13.Kh1 Ng4 14.Nxb7 Qf6 15.Rb1 Bh6
16.Bc5 e3 17.Nf3 Nxf2+ 18.Rxf2 exf2 19.Bxf8 Rxf8 20.Nc5 Bd5 21.Ne4 Qb6 22.Qc2 Bxe4
23.dxe4 Qe3 24.Rf1 Bg7 25.e5 Bxe5 26.Nxe5 Nxg3+  0-1

[Event "Moscow Petrosian"]
[Site "Moscow"]
[Date "1995.??.??"]
[Round "4"]
[White "Gorbatow, Alexej"]
[Black "Ivanov, Victor L"]
[Result "1-0"]
[WhiteElo "2410"]
[BlackElo "2460"]

1.Nf3 d5 2.g3 c6 3.Bg2 Bg4 4.b3 Nd7 5.Bb2 e6 6.O-O h5 7.h4 Bxf3 8.Bxf3 Ngf6
9.d3 Bd6 10.Nd2 Qe7 11.c4 O-O-O 12.Bg2 Rhg8 13.Nf3 e5 14.cxd5 cxd5 15.b4 Kb8
16.Qb3 Bc7 17.Rac1 e4 18.dxe4 dxe4 19.Ng5 e3 20.f4 Rgf8 21.a4  1-0